La fe filosófica
Zapisane w:
| 1. autor: | |
|---|---|
| Format: | Książka |
| Język: | hiszpański |
| Wydane: |
Buenos Aires
Losada S. A
1953
|
| Wydanie: | 1a. ed |
| Seria: | Biblioteca Filosófica
|
| Hasła przedmiotowe: | |
| Etykiety: |
Dodaj etykietę
Nie ma etykietki, Dołącz pierwszą etykiete!
|
MARC
| LEADER | 00000cam a2200000 a 4500 | ||
|---|---|---|---|
| 001 | UCE4208 | ||
| 003 | CL-VaPUC | ||
| 008 | 141016e19530000ag |||||||||||||||||spa|d | ||
| 082 | 0 | 4 | |a 142.7 |b JAS |2 21 |
| 100 | |a Jaspers, Karl |e author |9 334584 | ||
| 245 | 1 | 3 | |a La fe filosófica |
| 250 | |a 1a. ed | ||
| 300 | |a 139 p | ||
| 942 | |c BK | ||
| 945 | |d 20141016 12:02:00 |a dcastane | ||
| 260 | |a Buenos Aires |b Losada S. A |c 1953 | ||
| 650 | 0 | |a Filosofía alemana |9 265002 | |
| 650 | 0 | |a Existencialismo |9 265698 | |
| 650 | 0 | |a Escuelas filosóficas |9 266232 | |
| 650 | 7 | |a HOMBRE |2 CL-VaPUC |9 262149 | |
| 650 | 0 | |a Estructuralismo |9 265696 | |
| 583 | |a last modification |c 20180102 05:21:23 |k Rodrigo Vera | ||
| 490 | 0 | |a Biblioteca Filosófica | |
| 999 | |c 357245 |d 357243 | ||
| 952 | |0 0 |1 0 |3 erb |4 0 |6 142_700000000000000_JAS_1953 |7 0 |8 A |9 465112 |a FDOHBE |b FDOHBE |e Huesbe Llanos, Marco Antonio, 1934- |i 5333563 |o 142.7 JAS 1953 |p 5333563 |r 2024-01-30 |w 2019-11-23 |y BK |z Catalogado en:20160623 |k HBE | ||